<Die> Weltmetallwirtschaft im industrielen Entwicklungsprozess

Salvato in:
Dettagli Bibliografici
Autore principale: Müller-Ohlsen, Lotte
Natura: Libro
Lingua:tedesco
Pubblicazione: Tübingen Mohr 1981
Serie:Kieler Studien 165
Tags: Aggiungi Tag
Nessun Tag, puoi essere il primo ad aggiungerne!!

MARC

LEADER 00000nam a2200000 4500
001 c142320
005 20230116074507.9
041 0 |a ger 
044 |a DE 
245 1 0 |a <Die> Weltmetallwirtschaft im industrielen Entwicklungsprozess  |c Lotte Müller-Ohlsen 
264 1 |a Tübingen  |b Mohr  |c 1981 
300 |a 265 s. 
490 1 |a Kieler Studien  |v 165 
830 0 |a Kieler Studien  |v 165 
100 1 |a Müller-Ohlsen, Lotte